000 nam a22 a 4500
999 _c575
_d575
003 AKMAL
005 20170504120153.0
008 170504s2000 my 00 eng d
020 _a9839214845 (pbk.):
_cRM19.90
040 _aAKMAL
082 0 4 _a158.1 CHA
_221
090 0 0 _a158.1
_bCHA
100 1 _aChandler, Steve,
_d1944-
_91275
245 1 0 _a100 Ways to motivate yourself /
_cSteve Chandler
260 _aPetaling Jaya :
_bAdvantage Quest ,
_c2000
300 0 0 _a190p. :
_bill. ;
_c22cm
500 _aIncludes Indexs
650 0 _aMotivation (Psychology)
_9559
650 0 _aSelf-actualization (Psychology)
_91127
740 0 2 _aOne Hundred ways to motivate yourself
942 _2ddc
_cBOOK